| 000 | 00456nam a2200181Ia 4500 | ||
|---|---|---|---|
| 001 | 13141 | ||
| 005 | 20260306163032.0 | ||
| 008 | 260306t2018||||xx |||||||||||||| ||spa|| | ||
| 041 | _aESP | ||
| 082 |
_a194 _bF78 |
||
| 100 |
_aFoucault, Michael _eAUT |
||
| 245 | 0 |
_aLa sociedad punitiva: _bcurso del collège de France (1972-1973) |
|
| 260 | _c2018 | ||
| 300 |
_a366 páginas : _c22 cm. |
||
| 650 | _aGEN | ||
| 654 | _aCHU | ||
| 942 |
_cLIB _dJUS _fJUS _2ddc _n |
||
| 999 |
_c13141 _d13141 |
||